00733nam a2200181Ia 4500008004000000020001800040082001800058100005800076245007900134250000500213260004300218300000800261650007000269690002200339906000800361999001900369952016300388210210b1995 xxu||||| |||| 00| 0 eng d a81 85617 30 9 a658.3124 KOGC aKOGAN PAGE TRAINING AND MANPOWER DEVELOPMENT LIBRARY. aCounselling skills training: asourcebook of activities for trainers. Ed 1. a aNew Delhi.bViva Books Pvt Ltd.,c1995 a327 aActivities, Trainers, HRD, Manpower Development Counselling  aPersonnel Managem a056 c104271d104271 001040708ManagementaALbALcManagementd2021-02-17eStandard Literature, Allahabad.g500.00l0o658.3124 KOGCp056742r2021-02-17 00:00:00w2021-02-17yBK